<?xml version="1.0" encoding="UTF-8"?>
<record
    xmlns:xsi="http://www.w3.org/2001/XMLSchema-instance"
    xsi:schemaLocation="http://www.loc.gov/MARC21/slim http://www.loc.gov/standards/marcxml/schema/MARC21slim.xsd"
    xmlns="http://www.loc.gov/MARC21/slim">

  <leader>00520nam a22001817a 4500</leader>
  <controlfield tag="005">20250916161749.0</controlfield>
  <controlfield tag="008">250916b        |||||||| |||| 00| 0 eng d</controlfield>
  <datafield tag="020" ind1=" " ind2=" ">
    <subfield code="a">9798887153193</subfield>
  </datafield>
  <datafield tag="050" ind1=" " ind2=" ">
    <subfield code="a">HG 1615 .M87 2024</subfield>
    <subfield code="b">C.1</subfield>
  </datafield>
  <datafield tag="100" ind1=" " ind2=" ">
    <subfield code="a">Murphy, Vida</subfield>
  </datafield>
  <datafield tag="245" ind1=" " ind2=" ">
    <subfield code="a">Global Banking and Finance</subfield>
  </datafield>
  <datafield tag="250" ind1=" " ind2=" ">
    <subfield code="a">First Edition</subfield>
  </datafield>
  <datafield tag="260" ind1=" " ind2=" ">
    <subfield code="a">Dublin, OH</subfield>
    <subfield code="b">Oryson Press</subfield>
    <subfield code="c">2023</subfield>
  </datafield>
  <datafield tag="300" ind1=" " ind2=" ">
    <subfield code="a">vi, 322p.</subfield>
  </datafield>
  <datafield tag="500" ind1=" " ind2=" ">
    <subfield code="a">Includes index</subfield>
  </datafield>
  <datafield tag="650" ind1=" " ind2=" ">
    <subfield code="a">1. Banks and banking - International. 2. Finance - International.</subfield>
  </datafield>
  <datafield tag="942" ind1=" " ind2=" ">
    <subfield code="2">lcc</subfield>
    <subfield code="c">BK</subfield>
  </datafield>
  <datafield tag="999" ind1=" " ind2=" ">
    <subfield code="c">216126</subfield>
    <subfield code="d">216126</subfield>
  </datafield>
  <datafield tag="952" ind1=" " ind2=" ">
    <subfield code="0">0</subfield>
    <subfield code="1">0</subfield>
    <subfield code="2">lcc</subfield>
    <subfield code="4">0</subfield>
    <subfield code="6">HG1615 M87  02024</subfield>
    <subfield code="7">0</subfield>
    <subfield code="8">BUS</subfield>
    <subfield code="9">373124</subfield>
    <subfield code="a">KSUL</subfield>
    <subfield code="b">KSUL</subfield>
    <subfield code="d">2025-09-16</subfield>
    <subfield code="i">109661</subfield>
    <subfield code="l">0</subfield>
    <subfield code="o">HG 1615 .M87 2024</subfield>
    <subfield code="p">000000001947</subfield>
    <subfield code="r">2025-09-16 16:19:32</subfield>
    <subfield code="t">C.1</subfield>
    <subfield code="w">2025-09-16</subfield>
    <subfield code="y">BK</subfield>
  </datafield>
  <datafield tag="952" ind1=" " ind2=" ">
    <subfield code="0">0</subfield>
    <subfield code="1">0</subfield>
    <subfield code="2">lcc</subfield>
    <subfield code="4">0</subfield>
    <subfield code="6">HG1615 M87  02024</subfield>
    <subfield code="7">0</subfield>
    <subfield code="8">BUS</subfield>
    <subfield code="9">373125</subfield>
    <subfield code="a">KSUL</subfield>
    <subfield code="b">KSUL</subfield>
    <subfield code="d">2025-09-16</subfield>
    <subfield code="i">109662</subfield>
    <subfield code="l">0</subfield>
    <subfield code="o">HG 1615 .M87 2024</subfield>
    <subfield code="p">000000001946</subfield>
    <subfield code="r">2025-09-16 16:19:00</subfield>
    <subfield code="t">C.2</subfield>
    <subfield code="w">2025-09-16</subfield>
    <subfield code="y">BK</subfield>
  </datafield>
  <datafield tag="952" ind1=" " ind2=" ">
    <subfield code="0">0</subfield>
    <subfield code="1">0</subfield>
    <subfield code="2">lcc</subfield>
    <subfield code="4">0</subfield>
    <subfield code="6">HG1615 M87  02024</subfield>
    <subfield code="7">0</subfield>
    <subfield code="8">BUS</subfield>
    <subfield code="9">373126</subfield>
    <subfield code="a">KSUL</subfield>
    <subfield code="b">KSUL</subfield>
    <subfield code="d">2025-09-16</subfield>
    <subfield code="i">109663</subfield>
    <subfield code="l">0</subfield>
    <subfield code="o">HG 1615 .M87 2024</subfield>
    <subfield code="p">000000001945</subfield>
    <subfield code="r">2025-09-16 16:19:00</subfield>
    <subfield code="t">C.3</subfield>
    <subfield code="w">2025-09-16</subfield>
    <subfield code="y">BK</subfield>
  </datafield>
  <datafield tag="952" ind1=" " ind2=" ">
    <subfield code="0">0</subfield>
    <subfield code="1">0</subfield>
    <subfield code="2">lcc</subfield>
    <subfield code="4">0</subfield>
    <subfield code="6">HG1615 M87  02024</subfield>
    <subfield code="7">0</subfield>
    <subfield code="8">BUS</subfield>
    <subfield code="9">373127</subfield>
    <subfield code="a">KSUL</subfield>
    <subfield code="b">KSUL</subfield>
    <subfield code="d">2025-09-16</subfield>
    <subfield code="i">109664</subfield>
    <subfield code="l">0</subfield>
    <subfield code="o">HG 1615 .M87 2024</subfield>
    <subfield code="p">000000001944</subfield>
    <subfield code="r">2025-09-16 16:19:00</subfield>
    <subfield code="t">C.4</subfield>
    <subfield code="w">2025-09-16</subfield>
    <subfield code="y">BK</subfield>
  </datafield>
</record>
